Cittá Italiane per immagine - Statistics

Statistiche generali
  • Questo quiz è stato fatto 79 volte
  • Il punteggio medio è 10 su 12
Statistiche sulle risposte
con Immagini Risposta % Corretto
Venezia
100%
Firenze
98%
Bologna
97%
Torino
97%
Roma
95%
Milano
85%
Napoli
85%
Bari
77%
Genova
76%
Verona
68%
Palermo
39%
Catania
36%
Nessun quiz corrispondente trovato
Distribuzione punteggi
Percentuale di utenti per punteggio
Percentile per numero di risposta
I tuoi punteggi nel tempo
Non hai fatto questo quiz